000 00837pam a2200265 a 4500
001 3451760
005 20180122071331.0
008 921116s1993 caua b 001 0 eng
010 _a 92042026
020 _a0803950721
020 _a080395073X (pbk.)
040 _aDLC
_cDLC
_dDLC
041 _aeng
043 _an-us---
080 _a306.872 GIL
082 0 0 _a306.872 GIL
_220
100 1 _a51
101 _aSOC
245 1 0 _aTwo careers, one family :
_cLucia Albino Gilbert.
504 _aIncludes bibliographical references (p. 131-142) and indexes.
740 0 _a2 careers, one family.
906 _a7
_bcbc
_corignew
_d1
_eocip
_f19
_gy-gencatlg
942 _2ddc
_cBK
999 _c40655
_d40655